Foundation mathematics
Αποθηκεύτηκε σε:
| Κύριος συγγραφέας: | |
|---|---|
| Άλλοι συγγραφείς: | |
| Μορφή: | Βιβλίο |
| Γλώσσα: | English |
| Δημοσίευση: |
Chichster ; New York :
John Wiley & Sons,
c1998
|
| Θέματα: | |
| Ετικέτες: |
Προσθήκη ετικέτας
Δεν υπάρχουν, Καταχωρήστε ετικέτα πρώτοι!
|
MARC
| LEADER | 00000nam a2200000 i 4500 | ||
|---|---|---|---|
| 001 | 1/50163 | ||
| 008 | 980728s1998 eng d | ||
| 020 | |a 0-471-97092-1 | ||
| 035 | |l 10043807 | ||
| 040 | |a GR-MY-UA |b gre |e aacr | ||
| 041 | 0 | |a eng | |
| 082 | 0 | |a 510 | |
| 100 | 1 | |a Mustoe, L. R. | |
| 245 | 1 | 0 | |a Foundation mathematics / |c L.R. Mustoe, M.D.J. Barry |
| 260 | |a Chichster ; New York : |b John Wiley & Sons, |c c1998 | ||
| 300 | |a xii, 656 p.; |b ill.; |c 24 cm. | ||
| 500 | |a Includes index | ||
| 650 | 0 | 0 | |a Mathematics. |
| 700 | 1 | |a Barry, M. D. J. | |
| 852 | |a INST |b SAMOS |e 19980728 |h 510 MUS |p 005300010854 |q 005300010854 |t BK |y 0 | ||
| 901 | |a BIBL-1998-2 | ||
| 909 | |a Σ |b 057586 | ||
| 922 | |a 3ΕΛΗ |b 199807 |c ΔΩΡ |d JOHN WILEY | ||